| 000 | 01087nam a2200277Ia 4500 | ||
|---|---|---|---|
| 005 | 20250421124714.0 | ||
| 008 | 210122b ###||||| |||| 00| 0 spa d | ||
| 017 | _a2005-7251 | ||
| 020 | _a9972-42-744-7 | ||
| 040 |
_aBIBLIOTECA MUNICIPAL DE BARRANCO _cBIBLIOTECA MUNICIPAL DE BARRANCO |
||
| 043 | _cpe | ||
| 082 |
_a869.532 _bL77 2006 |
||
| 100 | _aLasarte Pedro | ||
| 245 | 0 |
_aLima satirizada 1598-1698 : _bMateo Rosas de Oquendo y Juan del Valle y Caviedes / _cLasarte, Pedro. |
|
| 250 | _a1a ed. | ||
| 260 |
_aLima : _bPontificia Universidad Católica del Perú, Fondo Editorial, _c2006 |
||
| 300 |
_a246 p. ; _c21 cm. |
||
| 504 | _aBibliografía: p. [217]-246. | ||
| 650 | 0 |
_97140 _aLiteratura peruana-- -Época Colonial-- -Historia y crítica. |
|
| 650 | 0 |
_97141 _aSátira peruana. |
|
| 651 | 0 |
_97142 _aPerú-- -Historia-- -Siglos XVI-XX-- -Poesías. |
|
| 651 | 0 |
_97143 _aPerú-- -Vida y costumbres sociales-- -Poesías. |
|
| 710 |
_9946 _aPontificia Universidad Católica del Perú |
||
| 942 |
_cBK _2ddc _zGHÑ _e2025-04-21 |
||
| 999 |
_c6901 _d6901 |
||